First Names of Dictators Quiz - Statistics

General Stats
  • This quiz has been taken 643 times
    612 since last reset
  • The average score is 16 of 21
Answer Stats
Given Name Family Name % Correct
Adolf Hitler
99%
Fidel Castro
97%
Joseph Stalin
96%
Napoleon Bonaparte
96%
Saddam Hussein
96%
Benito Mussolini
93%
Pol Pot
89%
Vladimir Lenin
88%
Zedong Mao
84%
Jong-un Kim
83%
Nikita Khrushchev
75%
Jong-il Kim
74%
Francisco Franco
71%
Il-sung Kim
68%
Chi Minh Ho
67%
Jinping Xi
67%
Robert Mugabe
65%
Marcus Aurelius
64%
Kai-shek Chiang
51%
Mustafa Kemal Atatürk
49%
Nicolae Ceaușescu
47%
No matching quizzes found
Score Distribution
Percent of People with Each Score
Percentile by Number Answered
Your Score History
You have not taken this quiz since the last reset